Moioli G., Giovanni della Croce. Saggi teologici, éd. D. Castenetto, coll. Quodlibet 9, Milan, Glossa, 2000, 21x14, 367 p., 21.70 €. ISBN 88-7105-113-0 (notice n° 1620750)
[ vue normale ]
| 000 -LEADER | |
|---|---|
| fixed length control field | 00561cam a2200133 4500500 |
| 005 - DATE AND TIME OF LATEST TRANSACTION | |
| control field | 20260111091248.0 |
| 041 ## - LANGUAGE CODE | |
| Language code of text/sound track or separate title | fre |
| 042 ## - AUTHENTICATION CODE | |
| Authentication code | dc |
| 245 00 - TITLE STATEMENT | |
| Title | Moioli G., Giovanni della Croce. Saggi teologici, éd. D. Castenetto, coll. Quodlibet 9, Milan, Glossa, 2000, 21x14, 367 p., 21.70 €. ISBN 88-7105-113-0 |
| 260 ## - PUBLICATION, DISTRIBUTION, ETC. | |
| Date of publication, distribution, etc. | 2005.<br/> |
| 500 ## - GENERAL NOTE | |
| General note | 20 |
| 786 0# - DATA SOURCE ENTRY | |
| Note | Nouvelle revue théologique | 127 | 4 | 2005-12-15 | p. 641y-641y | 0029-4845 |
| 856 41 - ELECTRONIC LOCATION AND ACCESS | |
| Uniform Resource Identifier | <a href="https://shs.cairn.info/revue-nouvelle-revue-theologique-2005-4-page-641y?lang=fr&redirect-ssocas=7080">https://shs.cairn.info/revue-nouvelle-revue-theologique-2005-4-page-641y?lang=fr&redirect-ssocas=7080</a> |
Pas d'exemplaire disponible.




Réseaux sociaux